Statistiques concernant Capitale qui commence par un « A »

Cliquez ici pour prendre le quiz!

Statistiques générales

  • Ce quiz a été pris 140 fois
  • Le résultat moyen est 9 sur 18

Statistiques - réponses

HintRéponse% Correct
11Ankara
73%
12Antananarivo
73%
9Amsterdam
70%
6Alger
69%
15Astana
66%
3Accra
63%
17Athènes
63%
16Asuncion
62%
10Andorre-la-Vieille
61%
2Abuja
60%
5Addis-Abeba
57%
8Amman
53%
14Asmara
44%
13Apia
42%
4Achgabat
39%
1Abou Dabi
35%
7Alofi
3%
18Avarua
3%

Distribution des résultats

Percentile par nombre de réponses

% des personnes avec chaque résultat

Votre développement - résultats

Vous n’avez pas pris ce quiz